| 000 | 00606nam a2200205Ia 4500 | ||
|---|---|---|---|
| 008 | 131103s9999 xx 000 0 und d | ||
| 020 | _a85633 072 8 | ||
| 040 | _aLoreto College | ||
| 041 | _aEnglish | ||
| 082 |
_a372/TAY _bLCBED/1521 |
||
| 245 |
_aAims, influence and change in the primary school curriculum _cEdited by P H Taylor |
||
| 260 |
_aGreat Britain _bNFER _c1975 |
||
| 300 |
_a198p. _b Chart _c 21cm. |
||
| 440 | _aMonographs in curriculum studies | ||
| 504 | _aIncludes appendix | ||
| 650 | _aElementary education | ||
| 700 | _aTaylor, P H;ed. | ||
| 850 | _aLCBED/372/TAY | ||
| 942 | _cBK | ||
| 999 |
_c26165 _d76644 |
||